LIBRARY & INFORMATION CENTRE, KCAET, TAVANUR

ONLINE PUBLIC ACCESS CATALOGUE (OPAC)

Normal view MARC view
  • Dilin Varkey

Entry Personal Name

Number of records used in: 1

001 - CONTROL NUMBER

  • control field: 2766

003 - CONTROL NUMBER IDENTIFIER

  • control field: OSt

005 - DATE AND TIME OF LATEST TRANSACTION

  • control field: 20180207124753.0

008 - FIXED-LENGTH DATA ELEMENTS

  • fixed length control field: 180207|| aca||aabn | a|a d

040 ## - CATALOGING SOURCE

  • Original cataloging agency: OSt
  • Transcribing agency: OSt

100 ## - HEADING--PERSONAL NAME

  • Personal name: Dilin Varkey

670 ## - SOURCE DATA FOUND

  • Source citation: Work cat.: (OSt): BINDU SUBRAMANIAN 2765, Human engineering aspects of some selected agricultural implements
free website counter